[Event "Augsburg 35th"]
[Site "Augsburg"]
[Date "2022.12.31"]
[Round "5"]
[White "Andersen, Jens Knud"]
[Black "Mack, Wolfgang"]
[Result "1/2-1/2"]
[WhiteElo "2167"]
[BlackElo "2251"]
[PlyCount "28"]
[EventDate "2022.12.27"]
[EventType "tourn"]
[EventRounds "7"]
[EventCountry "GER"]
[SourceTitle "CBM 212 Extra"]
[Source "ChessBase"]
[SourceDate "2023.03.31"]
[SourceVersion "1"]
[SourceVersionDate "2023.03.31"]
[SourceQuality "1"]

1. d4 g6 2. e4 Bg7 3. Nf3 c6 4. h3 d5 5. e5 h5 6. Bd3 Na6 7. c3 Nc7 8. 0-0 Bd7 9. Qc2 Ne6 10. Nh4 Nf8 11. Nd2 g5 12. Nf5 Bxf5 13. Bxf5 e6 14. Bd3 g4 1/2-1/2

[Event "Augsburg 35th"]
[Site "Augsburg"]
[Date "2022.12.28"]
[Round "2"]
[White "Brueckner, Thomas"]
[Black "Andersen, Jens Knud"]
[Result "1-0"]
[WhiteElo "2372"]
[BlackElo "2167"]
[PlyCount "53"]
[EventDate "2022.12.27"]
[EventType "tourn"]
[EventRounds "7"]
[EventCountry "GER"]
[SourceTitle "CBM 212 Extra"]
[Source "ChessBase"]
[SourceDate "2023.03.31"]
[SourceVersion "1"]
[SourceVersionDate "2023.03.31"]
[SourceQuality "1"]

1. e4 c5 2. Nf3 a6 3. Nc3 b5 4. d4 cxd4 5. Nxd4 e6 6. Bd3 Qb6 7. Nf3 Qc7 8. 0-0 Bb7 9. Re1 Be7 10. e5 f5 11. Nd4 Nc6 12. Nxf5 exf5 13. Nd5 Qd8 14. Bxf5 g6 15. Bh3 Kf8 16. Bf4 Kg7 17. Qd2 Bc5 18. Rad1 Nd4 19. Bg5 Qxg5 20. Qxg5 Bxd5 21. Rxd4 Bxd4 22. Qd2 Bxf2+ 23. Kxf2 Ne7 24. Bxd7 Rhf8+ 25. Kg1 Rad8 26. e6 Rf6 27. Qb4 1-0

[Event "Oberliga Nord N 2122"]
[Site "Germany"]
[Date "2022.05.01"]
[Round "9.5"]
[White "Andersen, Jens Knud"]
[Black "Langmann, Markus"]
[Result "1-0"]
[WhiteElo "2153"]
[BlackElo "2079"]
[PlyCount "181"]
[EventDate "2021.10.31"]
[EventType "team-tourn"]
[EventRounds "9"]
[EventCountry "GER"]
[SourceTitle "EXT 2023"]
[Source "ChessBase"]
[SourceDate "2022.10.05"]
[SourceVersion "1"]
[SourceVersionDate "2022.10.05"]
[SourceQuality "1"]
[WhiteTeam "Hamburg Schachfreunde"]
[BlackTeam "Hamburg Koenigsspringer"]
[WhiteTeamCountry "GER"]
[BlackTeamCountry "GER"]

1. Nf3 d5 2. e3 Nf6 3. b3 Nbd7 4. Bb2 e6 5. d4 Be7 6. Nbd2 0-0 7. Bd3 b6 8. Qe2 Bb7 9. e4 dxe4 10. Nxe4 Nxe4 11. Bxe4 Bxe4 12. Qxe4 Nf6 13. Qe2 Nd5 14. 0-0 Bf6 15. c4 Nf4 16. Qe4 Ng6 17. Rad1 Qe7 18. g3 Qb4 19. Rd3 Rad8 20. Rfd1 Qa5 21. a4 Qh5 22. Kg2 Rfe8 23. Bc1 Ne7 24. g4 Qg6 25. Qf4 c5 26. g5 e5 27. Qg4 h5 28. Qh3 exd4 29. Kh1 Be5 30. Nxe5 Qe4+ 31. Nf3 Ng6 32. Kg1 h4 33. Qg2 Re6 34. h3 Rde8 35. Kh2 Qf5 36. Qg4 Qxg4 37. hxg4 Re4 38. Kh3 Nf4+ 39. Bxf4 Rxf4 40. R1d2 Ree4 41. Nh2 f5 42. gxf6 g5 43. Rf3 Kf7 44. Rxf4 Rxf4 45. Kg2 Kxf6 46. f3 Kf7 47. Nf1 Rf6 48. Kf2 Re6 49. Rd3 Kf6 50. Nd2 Ke5 51. Ne4 Kf4 52. Kg2 Rh6 53. Nf2 Rg6 54. Nh3+ Ke5 55. Rd1 Rg8 56. f4+ gxf4 57. Kf3 Kf6 58. Kxf4 Re8 59. Rd3 Kg6 60. Kf3 Rf8+ 61. Kg2 Re8 62. Ng1 Kg5 63. Kh3 Kf4 64. Rf3+ Ke4 65. Rf1 Rh8 66. Nf3 Ke3 67. Nxh4 d3 68. Kg3 d2 69. Nf3 Rd8 70. Rd1 Rd3 71. Rxd2 Rxb3 72. Rf2 Ke4 73. Kh4 Ke3 74. Rf1 Ke2 75. Nh2 Rb4 76. Rf4 Ke3 77. Kg3 Rxa4 78. g5 b5 79. Rf3+ Kd4 80. cxb5 Ra1 81. Ng4 Rg1+ 82. Kf4 Re1 83. g6 Re8 84. Nf6 Rf8 85. Kf5 c4 86. g7 Rb8 87. g8Q Rxg8 88. Nxg8 c3 89. Ne7 Kc4 90. Nd5 c2 91. Rc3+ 1-0

[Event "GER-ch52 V02 email"]
[Site "GER email"]
[Date "2020.04.16"]
[Round "?"]
[White "Langer, Raimund"]
[Black "Andersen, Jens Knud"]
[Result "1/2-1/2"]
[WhiteElo "2454"]
[BlackElo "2276"]
[PlyCount "89"]
[EventDate "2020.??.??"]
[EventType "tourn (corr)"]
[EventRounds "10"]
[EventCountry "GER"]
[SourceTitle "Corr 2022"]
[Source "ChessBase"]
[SourceDate "2021.10.24"]
[SourceVersion "1"]
[SourceVersionDate "2021.10.24"]
[SourceQuality "1"]

1. e4 c5 2. Nf3 e6 3. d4 cxd4 4. Nxd4 Nf6 5. Nc3 Nc6 6. Nxc6 bxc6 7. e5 Nd5 8. Ne4 Qc7 9. f4 Qb6 10. c4 Bb4+ 11. Ke2 f5 12. Nf2 Ba6 13. Kf3 Ne7 14. Be3 Bc5 15. Bxc5 Qxc5 16. Qd6 Qa5 17. h4 c5 18. Kg3 Rd8 19. b3 Nc8 20. Qd1 0-0 21. Qe1 Qb6 22. Be2 d5 23. exd6 Nxd6 24. Bf3 Rfe8 25. Qe3 Bb7 26. Bxb7 Qxb7 27. Rad1 Qb6 28. h5 Nf7 29. Rxd8 Rxd8 30. Re1 Rd6 31. Kh2 a5 32. Kg1 h6 33. Qf3 Rd4 34. Qe3 Nd8 35. Rd1 Rxd1+ 36. Nxd1 a4 37. Nb2 axb3 38. axb3 Qd6 39. Nd3 Nb7 40. Kf2 Kh7 41. Ke2 Qb6 42. g3 Qa6 43. Kf3 Qc6+ 44. Kf2 Qa6 45. Kf3 1/2-1/2

[Event "GER-ch52 V02 email"]
[Site "GER email"]
[Date "2020.04.16"]
[Round "?"]
[White "Ochs, Manfred"]
[Black "Andersen, Jens Knud"]
[Result "1/2-1/2"]
[WhiteElo "2384"]
[BlackElo "2276"]
[PlyCount "63"]
[EventDate "2020.??.??"]
[EventType "tourn (corr)"]
[EventRounds "10"]
[EventCountry "GER"]
[SourceTitle "Corr 2022"]
[Source "ChessBase"]
[SourceDate "2021.10.24"]
[SourceVersion "1"]
[SourceVersionDate "2021.10.24"]
[SourceQuality "1"]

1. e4 c5 2. Nf3 e6 3. d4 cxd4 4. Nxd4 Nf6 5. Nc3 Nc6 6. Ndb5 Bc5 7. Bf4 0-0 8. Bc7 Qe7 9. Bd6 Bxd6 10. Qxd6 Qd8 11. Nc7 Rb8 12. Be2 b5 13. e5 Ne8 14. Nxe8 Rxe8 15. 0-0 b4 16. Ne4 Rb6 17. f4 Ne7 18. Qd2 a5 19. Rf2 Qc7 20. Rc1 Bb7 21. Nd6 Rf8 22. Bd3 Bd5 23. Qe3 f5 24. c4 bxc3 25. Rxc3 Qb8 26. b3 Rc6 27. Bc4 Qb4 28. Rfc2 a4 29. Qd2 Ra8 30. h4 axb3 31. axb3 Bxc4 32. bxc4 1/2-1/2

[Event "Hamburg-chT Landesliga 1920"]
[Site "Hamburg"]
[Date "2019.12.08"]
[Round "4.1"]
[White "Serrer, Christoph"]
[Black "Andersen, Jens Knud"]
[Result "1-0"]
[WhiteElo "2277"]
[BlackElo "2142"]
[PlyCount "113"]
[EventDate "2019.09.29"]
[EventType "team-tourn"]
[EventRounds "9"]
[EventCountry "GER"]
[SourceTitle "EXT 2021"]
[Source "ChessBase"]
[SourceDate "2020.10.23"]
[SourceVersion "1"]
[SourceVersionDate "2020.10.23"]
[SourceQuality "1"]

1. d4 Nf6 2. Nf3 d6 3. c4 Nbd7 4. Nc3 e5 5. e4 Be7 6. Be2 c6 7. 0-0 0-0 8. Qc2 a6 9. Rd1 Qc7 10. h3 b5 11. b4 Re8 12. Be3 exd4 13. Nxd4 Bf8 14. Rac1 Bb7 15. Nf5 Rad8 16. Bf4 Ne5 17. cxb5 cxb5 18. Bg5 Ned7 19. Qb2 Qb8 20. f3 h6 21. Bh4 g6 22. Ne3 Bg7 23. Qd2 Nb6 24. Ng4 g5 25. Bf2 Nbd7 26. Ne3 Ne5 27. Nf5 Bf8 28. Qb2 Bc8 29. Ne3 Be6 30. Ncd5 Bg7 31. Qa3 Bc8 32. Nxf6+ Bxf6 33. Nd5 Bg7 34. Bb6 Rd7 35. Bd4 Bb7 36. Ne3 Rc7 37. Rxc7 Qxc7 38. Rc1 Qd7 39. Nf5 Bf8 40. Qb2 Nc6 41. Bg7 Qxf5 42. exf5 Bxg7 43. f6 Bh8 44. Bd3 Re6 45. Be4 Bxf6 46. Qa3 d5 47. Bxd5 Rd6 48. Bxc6 Rxc6 49. Rxc6 Bxc6 50. Qxa6 Bd4+ 51. Kf1 Be8 52. Qxh6 f6 53. h4 gxh4 54. Qxh4 Be5 55. f4 Bd4 56. Qg3+ Kf8 57. Qd3 1-0

[Event "Bayern-chI Bank Hofmann 23rd"]
[Site "Tegernsee"]
[Date "2019.10.29"]
[Round "4"]
[White "Andersen, Jens Knud"]
[Black "Gschnitzer, Adrian"]
[Result "0-1"]
[WhiteElo "2142"]
[BlackElo "2412"]
[PlyCount "91"]
[EventDate "2019.10.26"]
[EventType "swiss"]
[EventRounds "9"]
[EventCountry "GER"]
[SourceTitle "CBM 192 Extra"]
[Source "Chessbase"]
[SourceDate "2019.11.06"]
[SourceVersion "1"]
[SourceVersionDate "2019.11.06"]
[SourceQuality "1"]

1. d4 Nf6 2. Bf4 c5 3. e3 cxd4 4. exd4 Qb6 5. Na3 a6 6. Nc4 Qd8 7. c3 b5 8. Ne3 e6 9. Bd3 Bb7 10. Nf3 Be7 11. h3 0-0 12. 0-0 Ne4 13. Qc2 f5 14. a4 b4 15. cxb4 Nc6 16. b5 Nb4 17. Qb3 Nxd3 18. Qxd3 g5 19. Be5 axb5 20. axb5 f4 21. Ng4 h5 22. Nd2 d5 23. f3 hxg4 24. fxe4 dxe4 25. Nxe4 Qd5 26. Rxa8 Bxa8 27. Re1 Rf5 28. Qf1 Bb4 29. Nc3 Bxc3 30. bxc3 gxh3 31. c4 Qb7 32. c5 hxg2 33. Qc4 Qf7 34. c6 f3 35. Kf2 Kh7 36. c7 Bb7 37. c8Q Bxc8 38. Qxc8 g4 39. Qc7 Qxc7 40. Bxc7 Rxb5 41. Bg3 Rh5 42. Bf4 Rh1 43. Rg1 Kg6 44. Be3 Kf5 45. Kg3 Rh3+ 46. Kf2 0-1

[Event "Lueneburg op-A"]
[Site "Lueneburg"]
[Date "2019.08.05"]
[Round "3"]
[White "Nielsen, Joerg"]
[Black "Andersen, Jens Knud"]
[Result "0-1"]
[WhiteElo "2000"]
[BlackElo "2141"]
[PlyCount "84"]
[EventDate "2019.08.03"]
[EventType "swiss"]
[EventRounds "9"]
[EventCountry "GER"]
[SourceTitle "CBM 191 Extra"]
[Source "ChessBase"]
[SourceDate "2019.09.30"]
[SourceVersion "1"]
[SourceVersionDate "2019.09.30"]
[SourceQuality "1"]

1. d4 d6 2. Nf3 Nf6 3. g3 Nbd7 4. Bg2 e5 5. d5 c6 6. c4 cxd5 7. cxd5 Qa5+ 8. Nc3 Ne4 9. Bd2 Nxd2 10. Nxd2 Be7 11. 0-0 0-0 12. e4 b5 13. a3 b4 14. Nb3 Qb6 15. axb4 Qxb4 16. Na5 Qxb2 17. Na4 Qb5 18. Nc6 Bd8 19. Rb1 Qa6 20. Re1 Nb6 21. Rb4 Bd7 22. Bf1 Qc8 23. Bb5 Nxa4 24. Qxa4 Bxc6 25. Bxc6 Rb8 26. Reb1 Rxb4 27. Rxb4 Bb6 28. Kg2 Qd8 29. Rb2 f5 30. Bd7 f4 31. Be6+ Kh8 32. f3 fxg3 33. hxg3 Qf6 34. Qd1 g6 35. Qd3 Kg7 36. Rb3 Qg5 37. Rc3 h5 38. Rc2 h4 39. Bg4 hxg3 40. Kxg3 Rh8 41. Kg2 Qh4 42. Qd2 Qh2+ 0-1

[Event "Lueneburg op-A"]
[Site "Lueneburg"]
[Date "2019.08.03"]
[Round "1"]
[White "Schulze, Lukas"]
[Black "Andersen, Jens Knud"]
[Result "1/2-1/2"]
[WhiteElo "1768"]
[BlackElo "2141"]
[PlyCount "48"]
[EventDate "2019.08.03"]
[EventType "swiss"]
[EventRounds "9"]
[EventCountry "GER"]
[SourceTitle "CBM 191 Extra"]
[Source "ChessBase"]
[SourceDate "2019.09.30"]
[SourceVersion "1"]
[SourceVersionDate "2019.09.30"]
[SourceQuality "1"]

1. Nf3 Nf6 2. c4 d6 3. d4 g6 4. g3 Bg7 5. Bg2 0-0 6. 0-0 Nc6 7. d5 Na5 8. Nbd2 c5 9. e4 a6 10. Rb1 b5 11. b3 Rb8 12. Qc2 bxc4 13. bxc4 Rxb1 14. Qxb1 Bd7 15. Qc2 Qc7 16. Bb2 e5 17. Rb1 Rb8 18. Bc3 Rxb1+ 19. Qxb1 Nb7 20. Qb3 Bf8 21. Qb2 Ne8 22. Qa3 Qb6 23. Nb3 Be7 24. Bd2 Bd8 1/2-1/2

[Event "GER-ch51 V06 email"]
[Site "GER email"]
[Date "2019.04.14"]
[Round "?"]
[White "Andersen, Jens Knud"]
[Black "Hamann, Henner"]
[Result "1/2-1/2"]
[WhiteElo "2303"]
[BlackElo "2307"]
[PlyCount "59"]
[EventDate "2019.??.??"]
[EventType "tourn (corr)"]
[EventRounds "10"]
[EventCountry "GER"]
[SourceTitle "Corr 2022"]
[Source "ChessBase"]
[SourceDate "2021.10.24"]
[SourceVersion "1"]
[SourceVersionDate "2021.10.24"]
[SourceQuality "1"]

1. d4 d5 2. Nf3 Nf6 3. Bf4 c5 4. e3 Nc6 5. Nbd2 Qb6 6. dxc5 Qxc5 7. a3 Bg4 8. c4 e5 9. b4 Qe7 10. Bg5 dxc4 11. h3 Bf5 12. Bxc4 h6 13. Bxf6 Qxf6 14. Bd5 Rd8 15. Qb3 e4 16. Bxc6+ bxc6 17. Nd4 Bd6 18. Rc1 0-0 19. Nxf5 Qxf5 20. Rc4 Rfe8 21. Qc2 Qe5 22. g3 Be7 23. 0-0 Qh5 24. Kg2 Rd3 25. Nxe4 Qd5 26. Kg1 Rxa3 27. Nc5 a5 28. bxa5 Rxa5 29. Nd3 c5 30. Rc1 1/2-1/2

[Event "GER-ch51 V06 email"]
[Site "GER email"]
[Date "2019.04.14"]
[Round "?"]
[White "Krabbe, Wolf Dieter"]
[Black "Andersen, Jens Knud"]
[Result "1-0"]
[WhiteElo "2320"]
[BlackElo "2303"]
[PlyCount "81"]
[EventDate "2019.??.??"]
[EventType "tourn (corr)"]
[EventRounds "10"]
[EventCountry "GER"]
[SourceTitle "Corr 2022"]
[Source "ChessBase"]
[SourceDate "2021.10.24"]
[SourceVersion "1"]
[SourceVersionDate "2021.10.24"]
[SourceQuality "1"]

1. e4 e5 2. Nf3 Nf6 3. Nxe5 d6 4. Nf3 Nxe4 5. d4 d5 6. Bd3 Be7 7. 0-0 Nd6 8. Re1 0-0 9. Bf4 Re8 10. a4 Nd7 11. h3 Nf8 12. c3 Be6 13. Nbd2 Bf5 14. Bxf5 Nxf5 15. Qb3 Ne6 16. Bh2 Bd6 17. Qxb7 Bxh2+ 18. Nxh2 Rb8 19. Qxa7 Qc8 20. Qa5 Rd8 21. Nhf3 Rb6 22. g3 Qb7 23. c4 Nfxd4 24. Nxd4 Nxd4 25. Qc3 c5 26. a5 Rf6 27. Re3 dxc4 28. Qxc4 Qxb2 29. Ra2 Qb7 30. a6 Qa8 31. a7 Rb6 32. Qxc5 Rb7 33. Re1 h6 34. Kh2 Ne6 35. Qe3 Nd4 36. Rea1 Rc7 37. h4 Rcd7 38. Nc4 Nf3+ 39. Kh3 Nxh4 40. f3 Rd3 41. Qxd3 1-0

[Event "GER-ch51 V06 email"]
[Site "GER email"]
[Date "2019.04.14"]
[Round "?"]
[White "Meyer, Klaus Dieter"]
[Black "Andersen, Jens Knud"]
[Result "1/2-1/2"]
[WhiteElo "2427"]
[BlackElo "2303"]
[PlyCount "70"]
[EventDate "2019.??.??"]
[EventType "tourn (corr)"]
[EventRounds "10"]
[EventCountry "GER"]
[SourceTitle "Corr 2022"]
[Source "ChessBase"]
[SourceDate "2021.10.24"]
[SourceVersion "1"]
[SourceVersionDate "2021.10.24"]
[SourceQuality "1"]

1. d4 Nf6 2. c4 g6 3. Nc3 d5 4. cxd5 Nxd5 5. e4 Nxc3 6. bxc3 Bg7 7. Bc4 c5 8. Ne2 Nc6 9. Be3 0-0 10. 0-0 Bg4 11. f3 Bd7 12. Rb1 Qc7 13. Qd2 Rad8 14. Rfc1 b6 15. Bf4 Qc8 16. Bg5 Na5 17. Bd5 Rfe8 18. Bh6 Bh8 19. Qe3 Be6 20. Bb3 Nc4 21. Qf2 Na3 22. Rb2 Nc4 23. Rbc2 Na5 24. Rb2 Nc4 25. Rbb1 Na3 26. Ra1 Bc4 27. Be3 Qa6 28. Ng3 Qb5 29. Qb2 Bxb3 30. axb3 Nc4 31. Qe2 Qxb3 32. Rab1 Qa4 33. Ra1 Qb3 34. Rab1 Qa4 35. Ra1 Qb3 1/2-1/2